000 00910cam a22002897a 4500
003 CHAP
005 20220329140946.0
008 971013s r 00010 d
010 _a60446
011 _a61418
035 _a65582
040 _cCHAP
090 _aR-3747
100 0 0 _aRzedowski Rotter, Jerzy.
_9101052
245 1 3 _aEl limite sur de distribución geográfica de Larrea tridentata
500 _aSobretiro de: Acta Potosina 2(2):133-147, 1958
590 _aBATCH-UPD
_b10
_c20130110
_lUCH01
_h1509
590 _aBATCH-UPD
_b10
_c20130410
_lUCH01
_h0927
590 _aBATCH-UPD
_b10
_c20130914
_lUCH01
_h1416
590 _aCONVERSION
_b10
_c20130109
_lUCH01
_h1332
650 1 4 _aFlora desértica.
_941326
650 1 4 _aLarrea tridentata.
_964959
700 0 _aMedellín Leal, Fernado Eugenio.
_973889
901 _aBK
942 _cREIMP
949 _aR-3747
_bBC
_cR
_d33724000640082
_eTS1
_i65582
_si
999 _c60446
_d60446